Processed products of the hevein precursor in the latex of the rubber tree (Hevea brasiliensis) (Record no. 65757)

MARC details
000 -LEADER
fixed length control field 01164nam a2200193Ia 4500
100 ## - MAIN ENTRY--AUTHOR NAME
Personal name Soedjanaatmadja U M S
245 #0 - TITLE STATEMENT
Title Processed products of the hevein precursor in the latex of the rubber tree (Hevea brasiliensis)
260 ## - PUBLICATION, DISTRIBUTION, ETC. (IMPRINT)
Name of publisher FEBS Letters
Year of publication 1995
300 ## - PHYSICAL DESCRIPTION
Number of Pages 211-213
500 ## - GENERAL NOTE
General note Source Year: 1996
520 ## - SUMMARY, ETC.
Summary, etc The 20-kDa precursor of hevein and its C-terminal 14-kDa domain were isolated. Sequence analysis of the C-terminal tryptic peptides of these proteins and comparison with the cDNA sequence indicated that they represented mature forms from which a C-terminal propeptide, possibly involved in vacuolar targeting, had been removed. The molar ration of hevein to the C-terminal domain in the lutoid-body fraction of rubber latex is about 30:1. This indicates that not only the pre- and propeptides, but also the 14-kDa domain are removed by proteolysis or other processes in the latex vessel after the processing of hevein has taken place.
650 ## - SUBJECT ADDED ENTRY--TOPICAL TERM
Topical Term Hevea brasiliensis
650 ## - SUBJECT ADDED ENTRY--TOPICAL TERM
Topical Term Hevein precursor
700 ## - ADDED ENTRY--PERSONAL NAME
Personal name Beintema J J
700 ## - ADDED ENTRY--PERSONAL NAME
Personal name Subroto T
856 ## - ELECTRONIC LOCATION AND ACCESS
Uniform Resource Identifier HOA
942 ## - ADDED ENTRY ELEMENTS (KOHA)
Koha item type Journals
Holdings
Withdrawn status Lost status Damaged status Not for loan Home library Current library Shelving location Date acquired Serial Enumeration / chronology Koha item type
      Journals RRII Library RRII Library Physiology 17/12/2021 Volume 363, Issue 3 Journals